[Event "Skalica Rapid op"]
[Site "Skalica"]
[Date "2020.08.29"]
[Round "1"]
[White "Osicka, Premysl"]
[Black "Bombek, Peter"]
[Result "0-1"]
[WhiteElo "1590"]
[BlackElo "2090"]
[PlyCount "47"]
[EventDate "2020.08.29"]
[EventType "swiss (rapid)"]
[EventRounds "7"]
[EventCountry "SVK"]
[SourceTitle "CBM 198 Extra"]
[Source "ChessBase"]
[SourceDate "2020.11.30"]
[SourceVersion "1"]
[SourceVersionDate "2020.11.30"]
[SourceQuality "1"]

1. d4 d5 2. Bf4 Bf5 3. Nf3 e6 4. e3 Bd6 5. Bg3 h6 6. Bd3 Bxd3 7. Qxd3 a6 8. c3 Nf6 9. Nbd2 c5 10. Bxd6 Qxd6 11. Ne5 Nc6 12. Ndf3 Ne4 13. 0-0 0-0 14. Nxc6 bxc6 15. Nd2 Nxd2 16. Qxd2 c4 17. b3 c5 18. bxc4 dxc4 19. Qe2 cxd4 20. exd4 Rfc8 21. h3 Qb6 22. Qb2 g5 23. g3 Kg7 24. h4 0-1

[Event "Skalica Rapid op"]
[Site "Skalica"]
[Date "2020.08.29"]
[Round "3"]
[White "Osicka, Premysl"]
[Black "Romanova, Ela"]
[Result "0-1"]
[WhiteElo "1590"]
[BlackElo "1367"]
[PlyCount "46"]
[EventDate "2020.08.29"]
[EventType "swiss (rapid)"]
[EventRounds "7"]
[EventCountry "SVK"]
[SourceTitle "CBM 198 Extra"]
[Source "ChessBase"]
[SourceDate "2020.11.30"]
[SourceVersion "1"]
[SourceVersionDate "2020.11.30"]
[SourceQuality "1"]

1. d4 d5 2. Bf4 e6 3. Nf3 Bd6 4. Bg3 f5 5. e3 Nf6 6. Ne5 Nbd7 7. c3 0-0 8. Bd3 c6 9. Qe2 Qc7 10. f4 Bxe5 11. fxe5 Ne4 12. Nd2 c5 13. Bxe4 fxe4 14. 0-0-0 a5 15. h4 b5 16. Qxb5 Ba6 17. Qa4 Rfb8 18. Nb3 Bd3 19. Rd2 Nb6 20. Qa3 Nc4 21. Qxc5 Qb7 22. Rxd3 exd3 23. e4 Rc8 0-1

[Event "Skalica Rapid op"]
[Site "Skalica"]
[Date "2020.08.29"]
[Round "7"]
[White "Osicka, Premysl"]
[Black "Svorad, Tomas"]
[Result "1-0"]
[WhiteElo "1590"]
[BlackElo "1000"]
[PlyCount "109"]
[EventDate "2020.08.29"]
[EventType "swiss (rapid)"]
[EventRounds "7"]
[EventCountry "SVK"]
[SourceTitle "CBM 198 Extra"]
[Source "ChessBase"]
[SourceDate "2020.11.30"]
[SourceVersion "1"]
[SourceVersionDate "2020.11.30"]
[SourceQuality "1"]

1. d4 d5 2. Bf4 Nf6 3. e3 Nc6 4. c4 dxc4 5. Bxc4 e5 6. Bg3 exd4 7. exd4 Nxd4 8. Nf3 Nxf3+ 9. Qxf3 Bd6 10. 0-0 Bxg3 11. Re1+ Be6 12. Qxg3 0-0 13. Bxe6 fxe6 14. Nc3 Re8 15. Rad1 Qe7 16. Nd5 Nxd5 17. Rxd5 Rad8 18. Rde5 c6 19. h3 Rd2 20. Rxe6 Qxe6 21. Rxe6 Rxe6 22. Qb8+ Kf7 23. Qxb7+ Re7 24. Qb3+ Re6 25. Qb7+ Re7 26. Qxc6 Rxb2 27. Qd5+ Kf8 28. Qd8+ Kf7 29. Qd5+ Ke8 30. Qa8+ Kf7 31. Qf3+ Kg8 32. Qa8+ Kf7 33. Qd5+ Kf8 34. Qf5+ Kg8 35. a4 Rf7 36. Qc8+ Rf8 37. Qc4+ Rf7 38. f3 Rb1+ 39. Kh2 Ra1 40. Qc8+ Rf8 41. Qe6+ Rf7 42. Qb3 Re1 43. Qb8+ Rf8 44. Qxa7 Ree8 45. a5 Ra8 46. Qc5 Rfc8 47. Qd5+ Kf8 48. Qd7 Kg8 49. a6 Kf8 50. a7 Kg8 51. Qe6+ Kf8 52. h4 Rxa7 53. Qxc8+ Kf7 54. Qc4+ Kf8 55. Qc5+ 1-0